000 01105nam a2200217Ia 4500
003 Ost
005 20260416102356.0
008 260416s9999||||xx |||||||||||||| ||und||
040 _cfsecg
041 _aara
082 _a310
100 _aهمال، فريدة
_eمؤلف
245 0 _aالإحصاء 1 :
_bدروس و تمارين تطبيقية /
_c فريدة همال
260 _aالجزائر
_bجامعة الجزائر3: كلية العلوم الإقتصادية، العلوم التجارية وعلوم التسيير
_c2020
300 _a90 ورقة
_bايضاحات
_c30 سم
504 _aمراجع ص.90
520 _aمفاهيم و مصطلحات أساسية و العرض الجدولي و البياني للبيانات الاحصائية و التطرق الى مقاييس النزعة المركزية و مقاييس التشتت و مقاييس الشكل .
653 _aالاحصاء
710 _aجامعة الجزائر3: كلية العلوم الإقتصادية، العلوم التجارية وعلوم التسيير
_eناشر علمي
942 _cHANDOUT
999 _c41197
_d41197